000 00729nam a2200277Ia 4500
005 20260324123145.0
008 008 260324s9999 xx 000 0 eng d
020 _a9780429096839
037 _aEBOOK
040 _aCRL
040 _beng
040 _cCRL
041 _2eng
041 _aeng
084 _qCRL
100 _aSneha Mohan; Elizabeth Francis; Sabu Thomas; Neethu Ninan
_91169245
245 0 _aNatural Polymers, Biopolymers, Biomaterials, and Their Composites, Blends, and IPNs
260 _bTaylor and Francis
260 _c2012
365 _a
365 _b320
856 _uhttp://www.taylorfrancis.com/books/9780429096839
942 _cEBOOK
999 _c1762521
_d1762521